Outgoing Party-State
| Titel: | Outgoing Party-State : Incompetent or Self-Interested? Comments on Kotkin’s Uncivil Society / Kazimierz Z. Poznański |
|---|---|
| Verfasser: | |
| In: |
East central Europe, Band 40, Heft 1/2 (2013), Seite 161-166 alle Artikel anzeigen |
| Veröffentlicht: | 2013 |
| Format: | Aufsatz |
| Sprache: | Englisch |
X
alg: 46590997 001A $03025:22-06-20 001B $06060:26-06-24 $t00:34:02.000 001D $03025:22-06-20 001U $0utf8 001X $00 002@ $0Oou 002C $aText $btxt $2rdacontent 002D $aComputermedien $bc $2rdamedia 002E $aOnline-Ressource $bcr $2rdacarrier 003@ $0465909973 004P $010.1163/18763308-04001011 007A $0465909973 $aHEB 010@ $aeng 010E $erda 011@ $a2013 021A $aOutgoing Party-State $dIncompetent or Self-Interested? Comments on Kotkin’s Uncivil Society $hKazimierz Z. Poznański 028A $BVerfasser $#Poznanski, Kazimierz $#Poznánski, K. Z. $#Poznański, Kazimierz $#Poznański, Kazimierz Z. $4aut $71051695341 $8Poznanski, Kazimierz Z.$Z1946- [Tp3] $934069372X 031A $d40 $e1/2 $h161-166 $j2013 039B $aEnthalten in $8--Obvc--. East central Europe. - Leiden : Brill, 1974-. - Online-Ressource. - ISSN 1876-3308 $x201300000400001839 $9213290928 039T $aKommentar zu $8--Aax--Kotkin, Stephen$Z1959- [Tp1]. Uncivil Society. - New York : Modern Library, 2009. - XXIII, 197 S.. - Abb., Kt.. - ISBN 978-0-679-64276-3 $9395449197 045F $a909 $eDDC23BSB 045F/01 $a909 045F/03 $f09048 045F/03 $g437 045T $a8 lok: 46590997 78 exp: 46590997 78 1 #EPN 201B/01 $022-06-20 $t16:05:15.000 201C/01 $022-06-20 201U/01 $0utf8 203@/01 $01113239379 208@/01 $a22-06-20 $be 209A/01 $a/ $f000 $x00 209A/01 $ab*p $x01 220C/01 $apgar 244Z/01 $#Ostmitteleuropa $#Ostmitteleuropa $#Mitteleuropa, Ost $#Central Europe Ostmitteleuropa $#Mittelosteuropa $74075753-5 $8--Tg1--Ostmitteleuropa $x01 $9085214485 247C/01 $82080>Marburg/Lahn, Herder-Institut, Forschungsbibliothek, Bibliographieportal $9336309341
| LEADER | 00000caa a2200000 c 4500 | ||
|---|---|---|---|
| 001 | 465909973 | ||
| 003 | DE-603 | ||
| 005 | 20240626003402.0 | ||
| 007 | cr|||||||||||| | ||
| 008 | 200622s2013 xx |||| o| u00||u|eng c | ||
| 024 | 7 | |a 10.1163/18763308-04001011 |2 doi | |
| 035 | |a (DE-599)HEB465909973 | ||
| 040 | |a DE-603 |b ger |c DE-603 |d DE-603 |e rda | ||
| 041 | |a eng | ||
| 082 | 0 | 4 | |8 1\u |a 909 |q DE-101 |2 23/BSB |
| 084 | |a 8 |2 ssgn | ||
| 085 | |8 1\u |b 909 | ||
| 085 | |8 1\u |z 1 |s 09048 | ||
| 085 | |8 1\u |z 2 |s 437 | ||
| 100 | 1 | |a Poznanski, Kazimierz Z. |d 1946- |e Verfasser |4 aut |0 (DE-603)34069372X |0 (DE-588)1051695341 |2 gnd | |
| 245 | 0 | 0 | |a Outgoing Party-State |b Incompetent or Self-Interested? Comments on Kotkin’s Uncivil Society |c Kazimierz Z. Poznański |
| 264 | 0 | |c 2013 | |
| 336 | |a Text |b txt |2 rdacontent | ||
| 337 | |a Computermedien |b c |2 rdamedia | ||
| 338 | |a Online-Ressource |b cr |2 rdacarrier | ||
| 773 | 0 | 8 | |i Enthalten in |t East central Europe |d Leiden : Brill, 1974- |h Online-Ressource |x 1876-3308 |g Band 40, Heft 1/2 (2013), Seite 161-166 |w (DE-603)213290928 |w (DE-600)2501287-3 |
| 787 | 0 | 8 | |i Kommentar zu |a Kotkin, Stephen, 1959- |t Uncivil Society |d New York : Modern Library, 2009 |h XXIII, 197 S., Abb., Kt. |z 9780679642763 |w (DE-603)395449197 |
| 924 | 1 | |9 2080 |a (DE-603)1113239379 |b DE-2080 |c HES |d d |g / | |


